Collier's encyclopedia. Vol.16

Shranjeno v:
Bibliografske podrobnosti
Format: Knjiga
Jezik:Undetermined
Izdano: New York P. F. Collier 1957
Teme:
Oznake: Označite
Brez oznak, prvi označite!
Thư viện lưu trữ: Trung tâm Học liệu Trường Đại học Cần Thơ
LEADER 00431nam a2200157Ia 4500
001 CTU_25489
008 210402s9999 xx 000 0 und d
082 |a 031 
082 |b C697/Vol.16 
245 0 |a Collier's encyclopedia. Vol.16 
260 |a New York 
260 |b P. F. Collier 
260 |c 1957 
650 |a encyclopedias and dictionaries 
904 |i Minh, 980926 
980 |a Trung tâm Học liệu Trường Đại học Cần Thơ